000 00370nam a2200157Ia 4500
008 230917s9999||||xx |||||||||||||| ||und||
040 _e158279
_aMAIN
041 _aEnglish
082 _a34:331 I2S
100 _aInderjeet Singh
245 0 _aSharmik vidhiya
250 _a19th ed.
260 _aAllahabad
_bCentral law
_c2008
300 _axi, 747 p.
942 _cBK
999 _c146354
_d146354